| 000 | 01027cab a2200229 4500 | ||
|---|---|---|---|
| 001 | ABS38776 | ||
| 008 | 090401t1988 xxu||||| |||| 00| 0 eng d | ||
| 035 | _a(Sirsi) u12351 | ||
| 041 | _aeng | ||
| 100 | _aBurns, A. | ||
| 245 | _aNeed for duty of care deeds | ||
| 260 | _c1988 | ||
| 350 | _a0 | ||
| 490 |
_aChartered Surveyor Weekly _v22(8) 25 February 1988, 68(1) |
||
| 520 | _aDiscusses liability of contractors and other members of the building team when inherent defects arise, quoting Post Office v Aquarius Properties Ltd , CA 18 December 1986, see Abstract 37415, D & F Estates and Others v The Church Commissioners and Others , CA 12 February 1987, (1987) CILL 324 and Ernst & Whinney v Willard Engineering (Dagenham) Ltd ; Ellis Mechanical Services Ltd and Steenson Varming Mulcahy and Partners , ORC 15 April 1987, see Abstract 38688. | ||
| 650 | _aDEFECTS | ||
| 650 | _aREPAIRING COVENANTS | ||
| 690 | _aBUILT ENVIRONMENT-BUILDING PATHOLOGY | ||
| 700 | _aWatson, I. | ||
| 942 | _n0 | ||
| 948 | _c04/03/1997 | ||
| 999 |
_c7897 _d7897 |
||